000 00867nam a2200265 i 4500
005 20210818181955.0
008 930421s1996 sp a gr 000 0 spa d
020 _a8432981281
040 _aCOMFC
_bspa
_erda
041 1 _hger
100 1 _aThalheim, Yvonne.
_eaut
245 1 0 _aDecoración de ventanas para la navidad
_cYvonne Thalheim y Harald Nadolny
250 _a3a. edición
264 0 1 _aBarcelona
_bEdiciones Ceac
_c1996
300 _a31 páginas
_bilustraciones
_c21 cm
336 _2rdacontent
_atxt
337 _2rdamedia
_an
338 _2rdacarrier
_anc
490 _952867
_aHobby Creativo
534 _pTítulo original.
_tFensterdekorationen furdie weihnachtszeit.
700 1 _aNadolny, Harald.
_eaut
082 0 4 _a747.93
_bT41d
650 6 _aDecoraciones navideñas.
942 _2ddc
_h747.93 T41d
_k747.93
_mT41d
999 _c13651
_d13651